A TON of questions... - Statistics

General Stats
  • This quiz has been taken 25 times
  • The average score is 7 of 15
Answer Stats
Question Answer % Correct
Honky.... A type of music Tonk
96%
Meat from sheep Mutton
78%
Country Tonga
70%
Used in the kitchen, to pick things up Tongs
65%
Well known brand of childrens 'rugged' toys Tonka
65%
Male singing voice Baritone
61%
Mass equal to 1000kg Tonne
61%
Tissue at the back of the throat, often surgically removed Tonsils
57%
'Candy floss' in the UK Cotton candy
43%
Got any in your closet? Skeletons
35%
Protozoa and algae for example Plankton
30%
Follows 'today' Tonight
22%
Northern UK town, football team, the Wanderers Bolton
13%
Medical term for colour blindness Daltonism
4%
Carves things out of granite, for example Stonemason
4%
No matching quizzes found
Score Distribution
Percent of People with Each Score
Percentile by Number Answered
Your Score History
You have not taken this quiz